| 000 | 00547nam a22001817a 4500 | ||
|---|---|---|---|
| 003 | NUST | ||
| 038 | _aNusrat Nadeem | ||
| 040 | _aCentral Library NUST | ||
| 082 | _a200 | ||
| 100 |
_aAtiq, Maria _9122978 |
||
| 245 |
_aTemperature Control in Membrane-type Microheaters/ _cMaria Atiq, |
||
| 264 |
_aIslamabad, _bSEECS NUST, _c2024. |
||
| 300 |
_a86,p: _bill; _c30,cm. |
||
| 650 | _aElectrical Engineering | ||
| 700 |
_aSupervisor: Dr. Usman Khan, _9112635 |
||
| 856 | _uhttp://10.250.8.41:8080/xmlui/handle/123456789/43553 | ||
| 942 |
_2ddc _cTHE |
||
| 999 |
_c609331 _d609331 |
||